01823nam a22002657a 4500003000400000005001700004008004100021020001800062040001900080041001500099080002100114100004000135245020500175246008000380260005600460300004300516500059400559504013701153650002201290700010301312700006601415700006201481852000701543852000701550SEM20220608072427.0171225b xxu||||| |||| 00| 0 eng d a9789081926409 aՍԷՄcՍԷՄ1 aeng.aarm. a002(47.925)/L-231 aLane John A.q(Լեյն Ջոն Ա.)10aThe diaspora of Armenian printing. 1512-2012=Հայկական գրատպության սփյուռքը: 1512-2012 թթ.: /cJ. Lane; Trl.: A. M. Martirosjan-Mattaar; Edt.: S. van der Veen, N. Atabekyan11aՀայկական գրատպության սփյուռքը:b1512-2012 թթ.: aAmsterdam:aYerevan:bBijzondere collecties,c2012. a222 p.;bill.; notes; letters;c24 cm. a[Armenia, the alphabet and the art of printing. Armenians print for themselves and Catholics print to covert them. Scholarly and not so scholarly printing offices. Armenian printing offices spread but falter. Armenian printing in Amsterdam. The Amsterdam press moves to Livorno, Marseille and Constantinople, and a new press begins in Amsterdam. Venice and Amsterdam revisited. Armenian printing spreads around the world and reaches the homeland. Scholars, Protestant Missions, the Armenian Apostolic Church and Bible Societies. Westernization, advertising, new fashions ... and Jesuits!]  aNotes p.: 210-215; Select. list of sources p.: 216-217; Chron. of Armenian print. centres p.: 218; Sources for the ill. p.: 219-230. aArmenian printing1 aMartirosjan-Mattaar Anna Maria4trl.q(Մարտիրոսյան-Մատտաար Աննա Մարիա)1 aVeen Sytze van der4edt.q(Վեյն Սիտզե վան դեր)1 aAtabekyan Nerses4edt.q(Աթաբեկյան Ներսես) d81 d81